superficie des 15 plus grands pays du monde - Statistiques

Statistiques générales
  • Ce quiz a été pris 33 fois
  • Le résultat moyen est 12 sur 15
Statistiques - réponses
Superficie Pays % Correct
8 511 965 km² Brésil
100%
9 984 670 km² Canada
100%
9 596 960 km² Chine
100%
9 830 067 km² Etats-Unis
100%
17 098 242 km² Russie
100%
7 686 850 km² Australie
93%
2 381 741 km² Algérie
86%
2 766 890 km² Argentine
86%
3 287 590 km² Inde
86%
1 972 550 km² Mexique
86%
1 919 440 km² Indonésie
68%
2 345 410 km² République Démocratique du Congo
68%
2 152 000 km² Arabie Saoudite
46%
2 717 300 km² Kazakstan
29%
2 210 579 km² Groenland
21%
Aucun quiz correspondant
Distribution des résultats
% des personnes avec chaque résultat
Percentile par nombre de réponses
Votre historique - résultats
Vous n’avez pas pris ce quiz